01326nam a2200181   450000500170000000800410001702000180005804100120007608200160008810000180010424500480012226000300017030000080020036500190020852008870022765000130111470000170112720260216113447.0260204b        |||||||| |||| 00| 0 eng d  a9780764363191  aEnglish  bLAWa746.43  aLawson Rachel  aPunch Needle: Fifteen Contemporary Projects  bSchiffer Publishingc2022  a128  b1635.63cRs.00  aINTRODUCTION   
How to Use This Book   
TOOLS AND MATERIALS    
•	Punch Needle Tools    
•	Fabric    
•	Yarn    
•	Frames    
•	Essential Extras    
PREPARATION    
•	How to Stretch the Fabric    
•	How to Thread the Needle    
•	How to Transfer the Design    
•	Punch Needle Techniques    
•	Problem-Solving    
FINISHING TECHNIQUES    
•	Hemming    Whipstitch    
•	Ladder Stitch    
•	Backstitch    
•	Tacking or Basting Stitch    
•	Iron Press    
•	Sewing Machine    
PROJECTS    
•	Large Wall Hanging    
•	Hexagon Cushion    
•	Trivet    
•	Mini Patches    
•	Mushroom Toy    
•	Mini Wall Hanging    
•	Turtle Toy    
•	Wall Storage Baskets    
•	Tech Case    
•	Hanging Plant Pot    
•	Round Sunset Cushion    
•	Square Abstract Cushion    
•	Small Rug     
•	Cross-Body Bag     
•	Tote Bag     
TEMPLATES     

  aKnitting  aWatt Siobhan